Loading...
History - European History | 0 | 7 | 1 | 0 | 65 | 45 | 79.57 | 5 | 7 |
History - American History | 0 | 6 | 0 | 1 | 60 | 38 | 81.83 | 3 | 5 |
History - World History | 0 | 4 | 2 | 0 | 30 | 31 | 70.50 | 1 | 4 |
Mythology | 0 | 3 | 0 | 1 | 30 | 34 | 93.00 | 1 | 2 |
History - Other History | 0 | 3 | 0 | 0 | 30 | 76 | 92.33 | 0 | 2 |
Other | 0 | 3 | 0 | 0 | 30 | 46 | 64.67 | 2 | 3 |
Religion | 0 | 2 | 0 | 0 | 20 | 69 | 81.00 | 1 | 2 |
Social Science | 0 | 2 | 0 | 0 | 20 | 57 | 64.50 | 1 | 2 |
Literature - American Literature | 0 | 2 | 0 | 0 | 20 | 44 | 50.00 | 2 | 2 |
Fine Arts - Other Fine Arts | 0 | 1 | 0 | 0 | 10 | 27 | 27.00 | 1 | 1 |
Literature - British Literature | 0 | 1 | 0 | 1 | 10 | 146 | 146.00 | 0 | 1 |
Science - Other Science | 0 | 1 | 0 | 0 | 10 | 76 | 76.00 | 0 | 1 |
Science - Biology | 0 | 1 | 1 | 0 | 5 | 124 | 124.00 | 0 | 1 |
Literature - European Literature | 0 | 0 | 1 | 0 | -5 | 0.00 | 0 | 0 | |
Philosophy | 0 | 0 | 1 | 0 | -5 | 0.00 | 0 | 0 |